Obscure-ish words A-M - Statistics

General Stats
  • This quiz has been taken 38 times
  • The average score is 8 of 13
Answer Stats
Hint Answer % Correct
G - A horse can walk and trot and canter and... Gallop
90%
I - The outer part of the eye has 3 parts, the sclera, pupil and the... Iris
84%
D - Noun; The act of throwing someone, or something, out of a window Defenestration
77%
J - An adjective making the noun it is attached to relating to children or a noun meaning child Juvenile
74%
M - An unplanned murder, no malice thought before the murder, only in the moment Manslaughter
74%
E - An insane person is a psychopath, someone very against social activity is a sociopath, and someone who can infer feelings of another individual is an... Empath
71%
A - A food usually to stimulate desire for romance Aphrodisiac
68%
C - An ancient vehicle usually shown as being drawn by horses or the like Chariot
65%
K - Someone with a quite hefty want for monetary items Kleptomaniac
55%
L - A common part of the brain, one was bitten in the horror game series "Five Nights at Freddy's" Lobe
48%
B - Knife invented by an important figure in the war between Texas and Mexico Bowie
35%
H - The prefix usually associated with metric measurements that means 100 Hecto
29%
F - Someone brought to another area for a small fee was... Ferried
19%
No matching quizzes found
Score Distribution
Percent of People with Each Score
Percentile by Number Answered
Your Score History
You have not taken this quiz